| 000 | 01069cam a2200265 4500 | ||
|---|---|---|---|
| 001 | ABS65986 | ||
| 008 | 020925n2002 000 0 eng u | ||
| 035 | _a(Sirsi) u119842 | ||
| 100 | _aMcConnell, T | ||
| 245 | _aLeisure | ||
| 260 | _c2002 | ||
| 490 |
_aProperty Week _v67(30) 2 August 2002, 39-48(5) |
||
| 520 | _aSpecial report on the leisure industry. "Eat, drink, dance, pull and go home" looks at how traditional nightclubs with star DJs and high prices are likely to fade away, to be replaced by club/bar hybrids. "Pub sprawl" charts the expansion plans of pub operator J D Wetherspoon's, despite a profits warning and tumbling share prices. "Jackpot" reports on exclusive research by FPDSavills which assesses the short-term implications of the Budd report on gambling. | ||
| 590 | _aABS | ||
| 650 | _aLEISURE MARKET | ||
| 650 | _aGAMBLING | ||
| 650 | _aCASINOS | ||
| 650 | _aNIGHTCLUBS | ||
| 650 | _aCLUBS | ||
| 650 | _aGAMING | ||
| 650 | _aPUBS | ||
| 690 | _aPROPERTY MANAGEMENT-COMMERCIAL PROPERTY | ||
| 700 | _aBarrett, C | ||
| 942 | _n0 | ||
| 999 |
_c71223 _d71223 |
||